00530 2200217 4500001002100000005001500021035002000036008004100056245006100097100001800158250000600176260003500182300001100217084001400228082000800242650001400250990001200264990001200276990001200288990001200300INLIS00000000000043720240430112553 a0010-0424000413240430 0 ind 1 aEnsiklopedia PPKN; Kekuasaan dan Politik /cYana Suryana aSuryana, Yana a1 aKlaten :bCempaka Putih,c2014 a84 hlm a370 YAN e a370 4aNon Fiksi a0722552 a0722553 a0722554 a0722555